All Cities in the San Francisco Metropolitan Area - Statistics

General Stats
  • This quiz has been taken 57 times
  • The average score is 29 of 65
Answer Stats
1st Letter Population Answer % Correct
S 873,965 San Francisco
96%
O 440,646 Oakland
93%
S 105,661 San Mateo
78%
S 67,789 South San Francisco
74%
D 104,901 Daly City
72%
F 230,504 Fremont
72%
A 78,280 Alameda
70%
B 124,321 Berkeley
67%
R 110,567 Richmond
67%
A 115,291 Antioch
61%
H 162,954 Hayward
59%
R 85,925 Redwood City
59%
S 7,068 Sausalito
59%
D 72,589 Dublin
57%
P 38,640 Pacifica
54%
P 76,416 Pittsburg
54%
S 58,440 San Rafael
54%
U 70,143 Union City
54%
C 125,410 Concord
52%
P 79,871 Pleasanton
52%
S 91,008 San Leandro
52%
H 11,795 Half Moon Bay
50%
L 87,955 Livermore
50%
S 43,908 San Bruno
50%
S 84,605 San Ramon
48%
D 43,582 Danville
46%
E 25,962 El Cerrito
46%
M 38,290 Martinez
43%
M 23,216 Millbrae
43%
S 30,722 San Carlos
43%
W 70,127 Walnut Creek
43%
A 20,271 Albany
41%
B 31,386 Burlingame
41%
E 12,905 Emeryville
41%
M 14,231 Mill Valley
41%
N 47,529 Newark
41%
N 53,225 Novato
41%
T 9,146 Tiburon
41%
A 7,188 Atherton
39%
M 33,780 Menlo Park
39%
P 11,270 Piedmont
39%
B 4,851 Brisbane
37%
F 33,805 Foster City
37%
H 26,276 Hercules
37%
L 25,391 Lafayette
37%
O 19,514 Orinda
37%
B 64,292 Brentwood
35%
E 30,034 East Palo Alto
35%
B 28,335 Belmont
33%
M 16,870 Moraga
33%
S 30,990 San Pablo
33%
L 13,064 Larkspur
30%
P 19,250 Pinole
30%
C 1,507 Colma
28%
C 10,222 Corte Madera
28%
F 7,522 Fairfax
28%
C 11,070 Clayton
26%
P 34,613 Pleasant Hill
26%
B 2,126 Belvedere
24%
H 11,387 Hillsborough
24%
O 42,543 Oakley
24%
S 12,830 San Anselmo
24%
W 5,309 Woodside
24%
P 4,456 Portola Valley
22%
R 2,451 Rock
4%
No matching quizzes found
Score Distribution
Percent of People with Each Score
Percentile by Number Answered
Your Score History
You have not taken this quiz